000
00308nam a2200121 a 4500
005
20140513081054.0
008
090905s19uu xx 00 eng d
050
_a
VCD
_b
An532 2002
245
_a
An Angel for Christmas/.
260
_b
Goodtimes,
_c
2002.
500
_a
Approximately 45 minutes
999
_c
116437
_d
116437